08223 2203757 4500001002100000008004100021035002000062245005500082260004100137300002200178020001800200084001400218082000800232650001100240990001400251990001400265990001400279990001400293990001400307990001400321990001400335990001400349990001400363990001400377990001400391990001400405990001400419990001400433990001400447990001400461990001400475990001400489990001400503990001400517990001400531990001400545990001400559990001400573990001400587990001400601990001400615990001400629990001400643990001400657990001400671990001400685990001400699990001400713990001400727990001400741990001400755990001400769990001400783990001400797990001400811990001400825990001400839990001400853990001400867990001400881990001400895990001400909990001400923990001400937990001400951990001400965990001400979990001400993990001401007990001401021990001401035990001401049990001401063990001401077990001401091990001401105990001401119990001401133990001401147990001401161990001401175990001401189990001401203990001401217990001401231990001401245990001401259990001401273990001401287990001401301990001401315990001401329990001401343990001401357990001401371990001401385990001401399990001401413990001401427990001401441990001401455990001401469990001401483990001401497990001401511990001401525990001401539990001401553990001401567990001401581990001401595990001401609990001401623990001401637990001401651990001401665990001401679990001401693990001401707990001401721990001401735990001401749990001401763990001401777990001401791990001401805990001401819990001401833990001401847990001401861990001401875990001401889990001401903990001401917990001401931990001401945990001401959990001401973990001401987990001402001990001402015990001402029990001402043990001402057990001402071990001402085990001402099990001402113990001402127990001402141990001402155990001402169990001402183990001402197990001402211990001402225990001402239990001402253990001402267990001402281990001402295990001402309990001402323990001402337990001402351990001402365990001402379990001402393990001402407990001402421990001402435990001402449990001402463990001402477990001402491990001402505990001402519990001402533990001402547990001402561990001402575990001402589990001402603990001402617990001402631990001402645990001402659990001402673990001402687990001402701990001402715990001402729990001402743990001402757990001402771990001402785990001402799990001402813990001402827990001402841990001402855990001402869990001402883990001402897990001402911990001402925990001402939990001402953990001402967990001402981990001402995990001403009990001403023990001403037990001403051990001403065990001403079990001403093990001403107990001403121990001403135990001403149990001403163990001403177990001403191990001403205990001403219990001403233990001403247990001403261990001403275990001403289990001403303990001403317990001403331990001403345990001403359990001403373990001403387990001403401990001403415990001403429990001403443990001403457990001403471990001403485990001403499990001403513990001403527990001403541990001403555990001403569990001403583990001403597990001403611990001403625990001403639990001403653990001403667990001403681990001403695990001403709990001403723990001403737990001403751990001403765990001403779990001403793990001403807990001403821990001403835990001403849990001403863990001403877990001403891990001403905990001403919990001403933990001403947990001403961990001403975990001403989990001404003990001404017990001404031990001404045990001404059990001404073990001404087990001404101990001404115990001404129990001404143990001404157990001404171990001404185990001404199990001404213990001404227990001404241990001404255990001404269990001404283990001404297990001404311990001404325990001404339990001404353990001404367990001404381990001404395990001404409990001404423990001404437990001404451INLIS000000000000054 ind  a0010-0925000002 aLULUS TKA SMP/MTsbBAHASA INDONESIAcCAHAYANINGSIH aYOGYAKARTAbDAFA BINTANG REKSAc2025 a124c19.5 X 28 CM a9799799946522 a410 CAH l a410 aBAHASA aTKA.20715 aTKA.20716 aTKA.20717 aTKA.20718 aTKA.20719 aTKA.20720 aTKA.20721 aTKA.20722 aTKA.20723 aTKA.20724 aTKA.20725 aTKA.20726 aTKA.20727 aTKA.20728 aTKA.20729 aTKA.20730 aTKA.20731 aTKA.20732 aTKA.20733 aTKA.20734 aTKA.20735 aTKA.20736 aTKA.20737 aTKA.20738 aTKA.20739 aTKA.20740 aTKA.20741 aTKA.20742 aTKA.20743 aTKA.20744 aTKA.20745 aTKA.20746 aTKA.20747 aTKA.20748 aTKA.20749 aTKA.20750 aTKA.20751 aTKA.20752 aTKA.20753 aTKA.20754 aTKA.20755 aTKA.20756 aTKA.20757 aTKA.20758 aTKA.20759 aTKA.20760 aTKA.20761 aTKA.20762 aTKA.20763 aTKA.20764 aTKA.20765 aTKA.20766 aTKA.20767 aTKA.20768 aTKA.20769 aTKA.20770 aTKA.20771 aTKA.20772 aTKA.20773 aTKA.20774 aTKA.20775 aTKA.20776 aTKA.20777 aTKA.20778 aTKA.20779 aTKA.20714 aTKA.21016 aTKA.21017 aTKA.21018 aTKA.21019 aTKA.21020 aTKA.21021 aTKA.21022 aTKA.21023 aTKA.21024 aTKA.21025 aTKA.21026 aTKA.21027 aTKA.21028 aTKA.21029 aTKA.21030 aTKA.21031 aTKA.21032 aTKA.21033 aTKA.21034 aTKA.21035 aTKA.21036 aTKA.21037 aTKA.21038 aTKA.21039 aTKA.21040 aTKA.21041 aTKA.21042 aTKA.21043 aTKA.21044 aTKA.21045 aTKA.21046 aTKA.21047 aTKA.21048 aTKA.21049 aTKA.21050 aTKA.21051 aTKA.21052 aTKA.21053 aTKA.21054 aTKA.21055 aTKA.21056 aTKA.21057 aTKA.21058 aTKA.21059 aTKA.21060 aTKA.21061 aTKA.21062 aTKA.21063 aTKA.21064 aTKA.21065 aTKA.21066 aTKA.21067 aTKA.21068 aTKA.21069 aTKA.21070 aTKA.21071 aTKA.21072 aTKA.21073 aTKA.21074 aTKA.21075 aTKA.21076 aTKA.21077 aTKA.21078 aTKA.21079 aTKA.21080 aTKA.21081 aTKA.21082 aTKA.21083 aTKA.21084 aTKA.21085 aTKA.21086 aTKA.21087 aTKA.21088 aTKA.21089 aTKA.21090 aTKA.21091 aTKA.21092 aTKA.21093 aTKA.21094 aTKA.21095 aTKA.21096 aTKA.21097 aTKA.21098 aTKA.21099 aTKA.21100 aTKA.21101 aTKA.21102 aTKA.21103 aTKA.21104 aTKA.21105 aTKA.21106 aTKA.21107 aTKA.21108 aTKA.21109 aTKA.21110 aTKA.21111 aTKA.21112 aTKA.21113 aTKA.21114 aTKA.21115 aTKA.21116 aTKA.21117 aTKA.21118 aTKA.21119 aTKA.21120 aTKA.21121 aTKA.21122 aTKA.21123 aTKA.21124 aTKA.21125 aTKA.21126 aTKA.21127 aTKA.21128 aTKA.21129 aTKA.21130 aTKA.21131 aTKA.21132 aTKA.21133 aTKA.21134 aTKA.21015 aTKA.21136 aTKA.21137 aTKA.21138 aTKA.21139 aTKA.21140 aTKA.21141 aTKA.21142 aTKA.21143 aTKA.21144 aTKA.21145 aTKA.21146 aTKA.21147 aTKA.21148 aTKA.21149 aTKA.21150 aTKA.21151 aTKA.21152 aTKA.21153 aTKA.21154 aTKA.21155 aTKA.21156 aTKA.21157 aTKA.21158 aTKA.21159 aTKA.21160 aTKA.21161 aTKA.21162 aTKA.21163 aTKA.21164 aTKA.21165 aTKA.21166 aTKA.21167 aTKA.21168 aTKA.21169 aTKA.21170 aTKA.21171 aTKA.21172 aTKA.21173 aTKA.21174 aTKA.21175 aTKA.21176 aTKA.21177 aTKA.21178 aTKA.21179 aTKA.21180 aTKA.21181 aTKA.21182 aTKA.21183 aTKA.21184 aTKA.21185 aTKA.21186 aTKA.21187 aTKA.21188 aTKA.21189 aTKA.21190 aTKA.21191 aTKA.21192 aTKA.21193 aTKA.21194 aTKA.21195 aTKA.21196 aTKA.21197 aTKA.21198 aTKA.21199 aTKA.21200 aTKA.21201 aTKA.21202 aTKA.21203 aTKA.21204 aTKA.21205 aTKA.21206 aTKA.21207 aTKA.21208 aTKA.21209 aTKA.21210 aTKA.21211 aTKA.21212 aTKA.21213 aTKA.21214 aTKA.21215 aTKA.21216 aTKA.21217 aTKA.21218 aTKA.21219 aTKA.21220 aTKA.21221 aTKA.21222 aTKA.21223 aTKA.21224 aTKA.21225 aTKA.21226 aTKA.21227 aTKA.21228 aTKA.21229 aTKA.21230 aTKA.21231 aTKA.21232 aTKA.21233 aTKA.21234 aTKA.21235 aTKA.21236 aTKA.21237 aTKA.21238 aTKA.21239 aTKA.21240 aTKA.21241 aTKA.21242 aTKA.21243 aTKA.21244 aTKA.21245 aTKA.21246 aTKA.21247 aTKA.21248 aTKA.21249 aTKA.21135